| 000 | 00467nam a2200169Ia 4500 | ||
|---|---|---|---|
| 003 | IN-BaIIA | ||
| 008 | 211028s9999 xx 000 0 eng d | ||
| 040 | _cIIA Library | ||
| 080 |
_a331.97 _bMUT |
||
| 100 |
_aMuthuswamy, P _97319 |
||
| 245 | 0 |
_aChildren's educational assistance _cP. Muthuswamy |
|
| 260 |
_aMadras _bSwamy Publishers _c1974 |
||
| 300 | _a89p. | ||
| 650 |
_a Management _98258 |
||
| 650 |
_aAstronomy and Astrophysics Thesaurus _91143 |
||
| 942 | _cBK | ||
| 999 |
_c4661 _d4661 |
||